Bara Islam : melalui pembentukan jemaah akhir zaman

Bibliographic Details
Main Author: Mukhlas Al-Syarkuni
Corporate Author: Title
Format: Book
Published: Kuala Lumpur : Al-Hidayah Publishers , 2004
Subjects:

MARC

LEADER 00000cam a2200000 7i4500
001 0000012987
005 20080107.0
008 080107
020 |a 9830995380 
090 0 0 |a 297.27   |b MUK 
100 0 |a Mukhlas Al-Syarkuni 
245 1 0 |a Bara Islam :   |b melalui pembentukan jemaah akhir zaman   |c Mukhlas Al-Syarkuni 
260 |a Kuala Lumpur :   |b Al-Hidayah Publishers ,   |c 2004 
650 0 |a Da'wah (Islam) 
650 0 |a Islam   |x Missions 
710 0 |a Title 
999 |a 0001005420   |b Book   |c Adult Collection   |e Cawangan AEON Kulaijaya 
999 |a 0001005421   |b Book   |c Adult Collection   |e Perbadanan Perpustakaan Awam Johor 
999 |a 0001005422   |b Book   |c Adult Collection   |e Perbadanan Perpustakaan Awam Johor 
999 |a 0001005625   |b Book   |c Adult Collection   |e Cawangan Bandar Tenggara 
999 |a 0001005626   |b Book   |c Adult Collection   |e Perbadanan Perpustakaan Awam Johor 
999 |a 0001005627   |b Book   |c Adult Collection   |e Perbadanan Perpustakaan Awam Johor